<?xml version="1.0" encoding="UTF-8"?>
<record
    xmlns:xsi="http://www.w3.org/2001/XMLSchema-instance"
    xsi:schemaLocation="http://www.loc.gov/MARC21/slim http://www.loc.gov/standards/marcxml/schema/MARC21slim.xsd"
    xmlns="http://www.loc.gov/MARC21/slim">

  <leader>00471nam a2200181   4500</leader>
  <controlfield tag="003">SEACOMEC</controlfield>
  <controlfield tag="005">20250806155741.0</controlfield>
  <controlfield tag="008">250531b        |||||||| |||| 00| 0 eng d</controlfield>
  <datafield tag="020" ind1=" " ind2=" ">
    <subfield code="a">978-0130426727</subfield>
    <subfield code="c">710</subfield>
  </datafield>
  <datafield tag="040" ind1=" " ind2=" ">
    <subfield code="a">SEACOMEC</subfield>
  </datafield>
  <datafield tag="082" ind1=" " ind2=" ">
    <subfield code="a">003.54</subfield>
    <subfield code="b">L735</subfield>
  </datafield>
  <datafield tag="100" ind1=" " ind2=" ">
    <subfield code="a">Lin, Shu</subfield>
  </datafield>
  <datafield tag="245" ind1=" " ind2=" ">
    <subfield code="a">Error Control Coding</subfield>
    <subfield code="c">Shu Lin</subfield>
    <subfield code="b">Fundamentals and Applications</subfield>
  </datafield>
  <datafield tag="250" ind1=" " ind2=" ">
    <subfield code="a">2nd ed.</subfield>
  </datafield>
  <datafield tag="260" ind1=" " ind2=" ">
    <subfield code="a">New Delhi</subfield>
    <subfield code="b">Pearson</subfield>
    <subfield code="c">699.00</subfield>
  </datafield>
  <datafield tag="700" ind1=" " ind2=" ">
    <subfield code="a">Costello, Daniel  </subfield>
  </datafield>
  <datafield tag="942" ind1=" " ind2=" ">
    <subfield code="c">BOOK</subfield>
  </datafield>
  <datafield tag="952" ind1=" " ind2=" ">
    <subfield code="0">0</subfield>
    <subfield code="1">0</subfield>
    <subfield code="2">ddc</subfield>
    <subfield code="4">0</subfield>
    <subfield code="7">0</subfield>
    <subfield code="a">SEACOMEC</subfield>
    <subfield code="b">SEACOMEC</subfield>
    <subfield code="d">2010-11-04</subfield>
    <subfield code="l">0</subfield>
    <subfield code="o">003.54 L735</subfield>
    <subfield code="p">17610</subfield>
    <subfield code="r">2025-05-31 11:55:53</subfield>
    <subfield code="w">2025-05-31</subfield>
    <subfield code="y">REF</subfield>
  </datafield>
  <datafield tag="952" ind1=" " ind2=" ">
    <subfield code="0">0</subfield>
    <subfield code="1">0</subfield>
    <subfield code="2">ddc</subfield>
    <subfield code="4">0</subfield>
    <subfield code="7">0</subfield>
    <subfield code="a">SEACOMEC</subfield>
    <subfield code="b">SEACOMEC</subfield>
    <subfield code="d">2010-11-04</subfield>
    <subfield code="l">0</subfield>
    <subfield code="o">003.54 L735</subfield>
    <subfield code="p">17611</subfield>
    <subfield code="r">2025-05-31 11:55:53</subfield>
    <subfield code="t">1</subfield>
    <subfield code="w">2025-05-31</subfield>
    <subfield code="y">BOOK</subfield>
  </datafield>
  <datafield tag="952" ind1=" " ind2=" ">
    <subfield code="0">0</subfield>
    <subfield code="1">0</subfield>
    <subfield code="2">ddc</subfield>
    <subfield code="4">0</subfield>
    <subfield code="7">0</subfield>
    <subfield code="a">SEACOMEC</subfield>
    <subfield code="b">SEACOMEC</subfield>
    <subfield code="d">2010-11-04</subfield>
    <subfield code="l">0</subfield>
    <subfield code="o">003.54 L735</subfield>
    <subfield code="p">17612</subfield>
    <subfield code="r">2025-05-31 11:55:53</subfield>
    <subfield code="t">2</subfield>
    <subfield code="w">2025-05-31</subfield>
    <subfield code="y">BOOK</subfield>
  </datafield>
  <datafield tag="952" ind1=" " ind2=" ">
    <subfield code="0">0</subfield>
    <subfield code="1">0</subfield>
    <subfield code="2">ddc</subfield>
    <subfield code="4">0</subfield>
    <subfield code="7">0</subfield>
    <subfield code="a">SEACOMEC</subfield>
    <subfield code="b">SEACOMEC</subfield>
    <subfield code="d">2010-11-04</subfield>
    <subfield code="l">0</subfield>
    <subfield code="o">003.54 L735</subfield>
    <subfield code="p">17613</subfield>
    <subfield code="r">2025-05-31 11:55:53</subfield>
    <subfield code="t">3</subfield>
    <subfield code="w">2025-05-31</subfield>
    <subfield code="y">BOOK</subfield>
  </datafield>
  <datafield tag="952" ind1=" " ind2=" ">
    <subfield code="0">0</subfield>
    <subfield code="1">0</subfield>
    <subfield code="2">ddc</subfield>
    <subfield code="4">0</subfield>
    <subfield code="7">0</subfield>
    <subfield code="a">SEACOMEC</subfield>
    <subfield code="b">SEACOMEC</subfield>
    <subfield code="d">2025-01-25</subfield>
    <subfield code="l">0</subfield>
    <subfield code="o">003.54 L735</subfield>
    <subfield code="p">18667</subfield>
    <subfield code="r">2025-05-31 12:01:38</subfield>
    <subfield code="t">4</subfield>
    <subfield code="w">2025-05-31</subfield>
    <subfield code="y">BOOK</subfield>
  </datafield>
  <datafield tag="952" ind1=" " ind2=" ">
    <subfield code="0">0</subfield>
    <subfield code="1">0</subfield>
    <subfield code="2">ddc</subfield>
    <subfield code="4">0</subfield>
    <subfield code="7">0</subfield>
    <subfield code="a">SEACOMEC</subfield>
    <subfield code="b">SEACOMEC</subfield>
    <subfield code="d">2025-01-25</subfield>
    <subfield code="l">0</subfield>
    <subfield code="o">003.54 L735</subfield>
    <subfield code="p">18668</subfield>
    <subfield code="r">2025-05-31 12:01:38</subfield>
    <subfield code="t">5</subfield>
    <subfield code="w">2025-05-31</subfield>
    <subfield code="y">BOOK</subfield>
  </datafield>
  <datafield tag="952" ind1=" " ind2=" ">
    <subfield code="0">0</subfield>
    <subfield code="1">0</subfield>
    <subfield code="2">ddc</subfield>
    <subfield code="4">0</subfield>
    <subfield code="7">0</subfield>
    <subfield code="a">SEACOMEC</subfield>
    <subfield code="b">SEACOMEC</subfield>
    <subfield code="d">2025-01-25</subfield>
    <subfield code="l">0</subfield>
    <subfield code="o">003.54 L735</subfield>
    <subfield code="p">18669</subfield>
    <subfield code="r">2025-05-31 12:01:38</subfield>
    <subfield code="t">6</subfield>
    <subfield code="w">2025-05-31</subfield>
    <subfield code="y">BOOK</subfield>
  </datafield>
  <datafield tag="952" ind1=" " ind2=" ">
    <subfield code="0">0</subfield>
    <subfield code="1">0</subfield>
    <subfield code="2">ddc</subfield>
    <subfield code="4">0</subfield>
    <subfield code="7">0</subfield>
    <subfield code="a">SEACOMEC</subfield>
    <subfield code="b">SEACOMEC</subfield>
    <subfield code="d">2025-01-25</subfield>
    <subfield code="l">0</subfield>
    <subfield code="o">003.54 L735</subfield>
    <subfield code="p">18670</subfield>
    <subfield code="r">2025-05-31 12:01:38</subfield>
    <subfield code="t">7</subfield>
    <subfield code="w">2025-05-31</subfield>
    <subfield code="y">BOOK</subfield>
  </datafield>
  <datafield tag="999" ind1=" " ind2=" ">
    <subfield code="c">2312</subfield>
    <subfield code="d">2312</subfield>
  </datafield>
</record>
